000 00569nam a2200169 a 4500
001 000032185
005 20200930063513.0
008 110713s1952 dr 000 0 spa d
040 _aDO-SdBNP
_bspa
_cBNPHU
082 _axxxx
_bM615r
100 1 _aMeyreles Soler, Rafael
_937745
245 1 0 _aRetablos de silencio y de vigilia /
_cRafael Meyreles Soler.
260 _aCiudad Trujillo, RepĂşblica Dominicana :
_bImpresora Dominicana,
_c1952.
300 _a96 p. ;
_c22 cm.
504 _aIncluye referencias bibliográficas y notas al pie de las paginas.
049 _aBNMA
999 _c31676
_d31676